Autobiografía

Сохранить в:
Библиографические подробности
Главный автор: Kosice, Gyula (Автор)
Формат:
Язык:испанский
Опубликовано: Buenos Aires Asunto Impreso Ediciones 2010
Редактирование:1a. ed
Предметы:
Метки: Добавить метку
Нет меток, Требуется 1-ая метка записи!

MARC

LEADER 00000cam a2200000 a 4500
001 UCC9266
003 CL-VaPUC
005 20240821123533.0
008 190914e20100000ag |||||||||||||||||spa|d
020 |a 9789505330218 
040 |c Pontificia Universidad Católica de Valparaíso 
082 0 4 |a 920  |b KOS  |2 21 
100 |a Kosice, Gyula  |e author  |9 336868 
245 1 0 |a Autobiografía 
250 |a 1a. ed 
260 |a Buenos Aires  |b Asunto Impreso Ediciones  |c 2010 
300 |a 272 p 
583 |a last modification  |c 20190914 23:07:00  |k Rodrigo Vera 
650 0 |a Autobiografías   |9 265171 
650 0 |a Arte experimental  |9 336869 
650 0 |a Artes visuales  |9 336870 
942 |c BK 
945 |d 20190914 23:07:00  |a dcastane 
999 |c 375459  |d 375457 
952 |0 0  |1 0  |3 erb  |4 0  |6 920_000000000000000_KOS_2010  |7 0  |8 ?  |9 494441  |a BIBART  |b BIBART  |i 5560888  |o 920 KOS 2010  |p 5560888  |r 2025-03-13  |w 2019-11-24  |y BK  |z Catalogado en:20190914  |k ART